[Event "Stuttgart-chB int"]
[Site "Ditzingen"]
[Date "2016.05.06"]
[Round "3"]
[White "Lin, Jean Claude"]
[Black "Khadempour, Parviz"]
[Result "0-1"]
[WhiteElo "1347"]
[BlackElo "1558"]
[PlyCount "74"]
[EventDate "2016.05.05"]
[EventType "swiss"]
[EventRounds "7"]
[EventCountry "GER"]
[SourceTitle "EXT 2018"]
[Source "ChessBase"]
[SourceDate "2017.10.13"]
[SourceVersion "1"]
[SourceVersionDate "2017.10.13"]
[SourceQuality "1"]

1. d4 c6 2. Nf3 d6 3. h3 Nd7 4. e4 e5 5. c3 Ngf6 6. Bd3 Be7 7. Nbd2 0-0 8. 0-0 Re8 9. Nc4 Qc7 10. Ne3 Bf8 11. Nh4 exd4 12. cxd4 Nxe4 13. Nef5 Nef6 14. Bf4 g6 15. Qf3 Nh5 16. Nh6+ Bxh6 17. Bxh6 Ng7 18. Rae1 Rxe1 19. Rxe1 Qd8 20. Qg3 Nf8 21. f4 Bd7 22. Bg5 Qb6 23. Bf6 Nfe6 24. Nf5 Nxf5 25. Bxf5 Nxd4 26. Kh2 Nxf5 27. Qc3 Re8 28. Rxe8+ Bxe8 29. Qe1 Qe3 30. Qb4 Qg3+ 31. Kg1 Ne3 32. Qd2 Qxf4 33. Bd4 Nxg2 34. Qe2 Qxd4+ 35. Kxg2 Qd5+ 36. Kf2 Qe6 37. Qd3 Qf5+ 0-1